LEADER 01051nam0 22002651i 450 001 UON00105965 005 20231205102615.35 100 $a20020107d1926 |0itac50 ba 101 $afre 102 $aFR 105 $a|||| 1|||| 200 1 $aˆL'‰ecriture egyptienne$eEssai sur l'origine et la formation de l'une des premieres ecritures mediterraneennes$fEdouard Naville 210 $aParis$cGeuthner$d1926 215 $aix, 143 p.$d22 cm 606 $aSCRITTURA EGIZIANA ANTICA$xGeroglifico$xStoria$3UONC025284$2FI 620 $aFR$dParis$3UONL002984 676 $a493.1$cLINGUA EGIZIANA ANTICA$v21 700 1$aNAVILLE$bEdouard$3UONV051931$0389282 712 $aGeuthner$3UONV246291$4650 801 $aIT$bSOL$c20240220$gRICA 899 $aSIBA - SISTEMA BIBLIOTECARIO DI ATENEO$2UONSI 912 $aUON00105965 950 $aSIBA - SISTEMA BIBLIOTECARIO DI ATENEO$dSI GLOTT B 8 III 015 $eSI MR 57737 5 015 996 $aEcriture egyptienne$91306092 997 $aUNIOR LEADER 01126nam0 22003253i 450 001 RMS0054960 005 20251003044343.0 010 $a0120932709 100 $a20111118d1998 ||||0itac50 ba 101 | $aeng 102 $aus 181 1$6z01$ai $bxxxe 182 1$6z01$an 200 1 $aHysteresis in magnetism$efor physicists, materials scientists, and engineers$fGiorgio Bertotti 210 $aSan Diego [etc.]$cAcademic press$dc1998 215 $aXVII, 558 p.$cill.$d23 cm. 225 | $aElectromagnetism 410 0$1001PUV0356820$12001 $aElectromagnetism 606 $aMagnetismo$2FIR$3CFIC023732$9E 676 $a538$9MAGNETISMO$v14 676 $a538.3$9$v22 700 1$aBertotti$b, Giorgio$3RMSV029451$4070$028075 801 3$aIT$bIT-000000$c20111118 850 $aIT-BN0095 901 $bNAP 01$cSALA DING $n$ 912 $aRMS0054960 950 0$aBiblioteca Centralizzata di Ateneo$d 01SALA DING 538 BER.hy$e 0102 0000050975 VMA A4 1 v.$fY $h20031023$i20111118 977 $a 01 996 $aHysteresis in magnetism$9331216 997 $aUNISANNIO